000 00615nam a2200181Ia 4500
008 100917s9999 xx 000 0 und d
082 _b19408
100 _a---
245 _aअद्वैत सिध्दांताचा मुकायुक्त विचार
260 _b---
_c1915
300 _a44
365 _b0
520 _a---
630 _aअद्वैत सिध्दांताचा मुकायुक्त विचार
650 _a---
730 _aअद्वैत सिध्दांताचा मुकायुक्त विचार
942 _cBOOK
999 _c624802
_d624799